Teoria y politica en la argentina : los obstaculos de los '90 /

Guardado en:
Autor Principal: Ciriza, Alejandra
Formato: Libro
Publicado: Buenos Aires : , 0
Materias:
Etiquetas: Agregar Etiqueta
Sin Etiquetas, Sea el primero en etiquetar este registro!
LEADER 00584nam a22001935a 4500
001 EHU.bham024231
003 AR-BHAM
005 20080229150926.0
008 130507b######################000#0#####d
082 3 9 |a 396.982 
100 1 |a Ciriza, Alejandra 
245 1 0 |a Teoria y politica en la argentina :  |b los obstaculos de los '90 /  |c Alejandra Ciriza 
260 |a Buenos Aires :  |b , 0 
300 |a 26 p. 
653 |a Feminismo 
653 |a Genero 
653 |a Politica argentina contemporanea 
653 |a Teoria politica 
859 |a AR-BHAM  |b BIB. HUMANIDADES - General  |h 396.982  |i C356  |p 440.94  |t Ej.1